NRL Lineup of Player Losses - Penrith Panthers - Statistics

General Stats
  • This quiz has been taken 65 times
  • The average score is 7 of 18
Answer Stats
Position Player % Correct
1. Fullback Stephen Crichton
85%
7. Halfback Jarome Luai
81%
10. Prop James Fisher-Harris
77%
6. Five Eighth Matt Burton
75%
5. Wing Sunia Turuva
66%
11. Second Row Viliame Kikau
66%
9. Hooker Api Koroisau
51%
16. Interchange Spencer Leniu
47%
3. Centre Kurt Capewell
38%
13. Lock J’maine Hopgood
23%
17. Interchange Zac Hosking
23%
18. 18th Man Te Maire Martin
19%
2. Wing Dallin Watene-Zelezniak
17%
8. Prop Reagan Campbell-Gillard
15%
12. Second Row Tevita Pangai Junior
11%
4. Centre Paul Momirovski
8%
14. Interchange Wayde Egan
6%
15. Interchange Corey Harawira-Naera
4%
No matching quizzes found
Score Distribution
Percent of People with Each Score
Percentile by Number Answered
Your Score History
You have not taken this quiz